[Event "III Festival A"]
[Site "Cesenatico ITA"]
[Date "1998.08.31"]
[Round "2"]
[White "Bonacci, Mauro"]
[Black "Lazzarato, Alberto"]
[Result "1/2-1/2"]
[WhiteElo "2215"]
[BlackElo "2048"]
[PlyCount "119"]
[EventDate "1998.08.30"]

1.e4 e5 2.Nf3 Nc6 3.Bb5 a6 4.Ba4 Nf6 5.O-O Be7 6.Re1 b5 7.Bb3 Bb7 8.c3 d5 
9.exd5 Nxd5 10.Nxe5 Nxe5 11.Rxe5 Nf4 12.Bxf7+ Kxf7 13.Rf5+ Bf6 14.Rxf4 Qd3
15.Qf1 Qd7 16.d4 g5 17.Rxf6+ Kxf6 18.Be3 Rhf8 19.Nd2 Rae8 20.Qd1 Kg6 21.a4
Qd5 22.Nf3 g4 23.Ne1 h5 24.b3 Kg7 25.axb5 axb5 26.Rc1 Qf5 27.Qd2 Rf7 28.c4
bxc4 29.bxc4 Be4 30.d5 h4 31.Rd1 Kh7 32.Nd3 h3 33.Nf4 hxg2 34.c5 Rd8 35.d6
Bf3 36.Rc1 Rf6 37.Qd4 cxd6 38.Nh5 Rf7 39.Ng3 Qg6 40.h4 Rfd7 41.h5 Qe6 42.
Qd3+ Kg8 43.c6 Rc7 44.Bb6 Rxc6 45.Rxc6 Bxc6 46.Bxd8 Qe1+ 47.Nf1 gxf1=Q+ 
48.Qxf1 Qe4 49.f3 gxf3 50.Kf2 Qd4+ 51.Kg3 Qe5+ 52.Kf2 Qh2+ 53.Ke3 Qxh5 54.
Qg1+ Kf8 55.Bf6 Qe8+ 56.Kd2 Qe2+ 57.Kc3 Bb5 58.Qg7+ Ke8 59.Qg8+ Kd7 60.
Qd8+ 1/2-1/2

[Event "III Festival A"]
[Site "Cesenatico ITA"]
[Date "1998.08.31"]
[Round "2"]
[White "Cadelli, Luciano"]
[Black "Cesarini, Lanfranco"]
[Result "1/2-1/2"]
[WhiteElo "2125"]
[BlackElo "1903"]
[PlyCount "63"]
[EventDate "1998.08.30"]

1.d4 Nf6 2.c4 e6 3.Nc3 c5 4.d5 exd5 5.cxd5 d6 6.e4 g6 7.f4 Bg7 8.Nf3 O-O 
9.Be2 Re8 10.Nd2 a6 11.a4 Nbd7 12.O-O b6 13.Qc2 Qe7 14.Bf3 Rb8 15.Nc4 b5 
16.Na5 Bb7 17.axb5 axb5 18.e5 dxe5 19.Nxb7 e4 20.Na5 exf3 21.Nc6 Qd6 22.
Nxb8 f2+ 23.Qxf2 Nxb8 24.Nxb5 Qb6 25.Nc3 Ng4 26.Qd2 Bd4+ 27.Kh1 Qf6 28.h3 
Qh4 29.Ne2 Nf2+ 30.Kh2 Re3 31.Ra3 Ng4+ 32.Kh1 1/2-1/2

[Event "III Festival A"]
[Site "Cesenatico ITA"]
[Date "1998.08.31"]
[Round "2"]
[White "Collutiis, Duilio"]
[Black "Drazic, Sinisa"]
[Result "1-0"]
[WhiteElo "2185"]
[BlackElo "2495"]
[PlyCount "181"]
[EventDate "1998.08.30"]

1.e4 e6 2.d4 c5 3.Nf3 a6 4.c3 d5 5.e5 Bd7 6.Be3 cxd4 7.Nxd4 Nc6 8.Nxc6 
bxc6 9.Bd3 Qb8 10.Qe2 Qxe5 11.Bxa6 Nf6 12.Nd2 Qb8 13.Nb3 Bd6 14.h3 Ne4 15.
O-O O-O 16.Bd3 f5 17.Bxe4 fxe4 18.Bc5 Bc8 19.Bxd6 Qxd6 20.Rfd1 Qf4 21.Nc5 
Rf6 22.a4 e5 23.c4 Rg6 24.Ra3 Qg5 25.Rg3 Qe7 26.Rxg6 hxg6 27.b4 Be6 28.
Nxe6 Qxe6 29.cxd5 cxd5 30.Qa2 Kf7 31.Rc1 Kf6 32.b5 Rc8 33.Rxc8 Qxc8 34.Qb2
d4 35.b6 Qc3 36.Qb1 e3 37.fxe3 dxe3 38.Qf1+ Ke6 39.b7 Qd4 40.Kh1 Qa7 41.
Qc4+ Kf6 42.Qc6+ Kg5 43.Qc7 e2 44.Qxe5+ Kh6 45.Qxe2 Qxb7 46.Qe5 Qa6 47.a5 
Kh7 48.Kh2 Qa7 49.Kh1 Qa6 50.Qc7 Qf1+ 51.Kh2 Qb5 52.Qc3 Qa4 53.Qe5 Qc6 54.
Qa1 Qd6+ 55.Kh1 Qa6 56.Qa4 Kh8 57.Qh4+ Kg8 58.Qd8+ Kh7 59.Kh2 Qc6 60.Qb6 
Qa4 61.a6 Qf4+ 62.Kg1 Qc1+ 63.Kf2 Qf4+ 64.Ke1 Qe4+ 65.Kf1 Qf4+ 66.Qf2 Qc4+
67.Qe2 Qd4 68.g3 Qa1+ 69.Kg2 Qa5 70.h4 Qc5 71.Qa2 Qa7 72.Kh3 Qd7+ 73.Kg2 
Qa7 74.h5 gxh5 75.Qb1+ Kh6 76.Qb7 Qe3 77.a7 Qe2+ 78.Kg1 Qe1+ 79.Kh2 Qf2+ 
80.Kh3 h4 81.Qc6+ g6 82.Qc1+ g5 83.Qc6+ Kg7 84.Qd7+ Kg6 85.Qd6+ Kg7 86.
a8=Q Qf5+ 87.g4 Qf1+ 88.Qg2 Qb5 89.Qe7+ Kh6 90.Qf6+ Kh7 91.Qgb2 1-0

[Event "III Festival A"]
[Site "Cesenatico ITA"]
[Date "1998.08.31"]
[Round "2"]
[White "Delanoy, Arnaud"]
[Black "Pozzi, Enrico"]
[Result "1/2-1/2"]
[WhiteElo "2105"]
[BlackElo "2245"]
[PlyCount "34"]
[EventDate "1998.08.30"]

1.e4 b6 2.d4 Bb7 3.Nc3 e6 4.Nf3 Bb4 5.Bd3 Nf6 6.e5 Ne4 7.Bxe4 Bxe4 8.O-O 
Bb7 9.Bg5 Be7 10.Bf4 d5 11.Re1 Nc6 12.Qd2 h6 13.Qe2 g5 14.Be3 Qd7 15.a3 a5
16.Na2 Ba6 17.Qd1 O-O-O 1/2-1/2

[Event "III Festival A"]
[Site "Cesenatico ITA"]
[Date "1998.08.31"]
[Round "2"]
[White "Drei, Andrea"]
[Black "Mastroddi, Fabio"]
[Result "0-1"]
[WhiteElo "2340"]
[BlackElo "1915"]
[PlyCount "84"]
[EventDate "1998.08.30"]

1.e4 c5 2.Nf3 d6 3.d4 cxd4 4.Qxd4 Nf6 5.e5 Qa5+ 6.Bd2 dxe5 7.Nxe5 Qd5 8.
Qxd5 Nxd5 9.Nc3 Nxc3 10.Bxc3 a6 11.Bc4 e6 12.O-O-O Nd7 13.Nxd7 Bxd7 14.
Rhe1 Rg8 15.f4 g6 16.Bd5 Bc6 17.Bxc6+ bxc6 18.Re4 Be7 19.g4 Rd8 20.Rxd8+ 
Bxd8 21.Ra4 g5 22.f5 exf5 23.gxf5 g4 24.Rxa6 Rg5 25.Ra4 h5 26.Re4+ Kf8 27.
f6 Bc7 28.Re2 h4 29.Be1 Bf4+ 30.Bd2 Re5 31.Kd1 Rxe2 32.Bb4+ Ke8 33.Kxe2 
Bxh2 34.a4 h3 35.a5 Kd7 36.a6 Kc8 37.Bc3 Bd6 38.Kf1 c5 39.Bd2 Kb8 40.Be3 
Ka7 41.b4 Kxa6 42.bxc5 Be5 0-1

[Event "III Festival A"]
[Site "Cesenatico ITA"]
[Date "1998.08.31"]
[Round "2"]
[White "Gaiba, Paolo"]
[Black "Lava, Giovanni"]
[Result "0-1"]
[WhiteElo "2090"]
[BlackElo "2220"]
[PlyCount "114"]
[EventDate "1998.08.30"]

1.e4 c5 2.d4 cxd4 3.c3 d3 4.Bxd3 Nc6 5.Ne2 e6 6.O-O Nf6 7.Ng3 Qc7 8.Be3 b6
9.f4 Bb7 10.Nd2 Be7 11.Kh1 d6 12.Nb3 O-O 13.Nd4 Rad8 14.Qe2 Rfe8 15.Rad1 
Bf8 16.Bb1 Ne7 17.Rd2 Ng6 18.Rfd1 a6 19.Nf3 Ng4 20.Nh5 Nxe3 21.Qxe3 Qc5 
22.Qxc5 bxc5 23.Kg1 Bc6 24.b3 Rb8 25.Bc2 a5 26.a3 Be7 27.Kf2 Nf8 28.Ng3 
Nd7 29.h3 Nb6 30.Ne2 a4 31.b4 Nc4 32.Nc1 Nxd2 33.Rxd2 cxb4 34.cxb4 Rec8 
35.Ne2 g6 36.Nfd4 Be8 37.g4 e5 38.Nf3 f6 39.h4 Rc7 40.Bd1 Rbc8 41.Ke3 Bb5 
42.Nfg1 Rc4 43.Nf3 R4c6 44.Nfg1 Bd8 45.Kf3 Bb6 46.Kg2 Bxg1 47.Kxg1 Kf8 48.
Kf2 Ke7 49.f5 gxf5 50.Ng3 fxe4 51.Nxe4 Ke6 52.g5 f5 53.Nf6 h6 54.Rd5 Bc4 
55.Ra5 Bb3 56.Bh5 Rc2+ 57.Ke1 Ra2 0-1

[Event "III Festival A"]
[Site "Cesenatico ITA"]
[Date "1998.08.31"]
[Round "2"]
[White "Gori, Andrea"]
[Black "Ortega, Lexy"]
[Result "0-1"]
[WhiteElo "2205"]
[BlackElo "2490"]
[PlyCount "79"]
[EventDate "1998.08.30"]

1.e4 c5 2.Nf3 d6 3.c4 Bg4 4.g3 Nc6 5.h3 Bxf3 6.Qxf3 g6 7.Bg2 Nf6 8.O-O Nd7
9.Qe2 Nde5 10.d3 Nd4 11.Qd1 Bg7 12.Nc3 O-O 13.Kh2 a6 14.f4 Nec6 15.Rf2 e6 
16.Be3 Rb8 17.Rc1 b5 18.b3 b4 19.Na4 Ne7 20.h4 h5 21.Rf1 f5 22.Qd2 Qc7 23.
Rce1 a5 24.Bg1 Rbe8 25.Qd1 Kh7 26.Kh3 e5 27.Be3 Nec6 28.Qd2 Bh6 29.fxe5 
Bxe3 30.Rxe3 Nxe5 31.exf5 Nxf5 32.Ree1 Nd4 33.Kh2 Rxf1 34.Rxf1 Ng4+ 35.Kg1
Ne2+ 36.Kh1 Nxg3+ 37.Kg1 Nxf1 38.Bxf1 Qe7 39.Qg5 Qf7 40.Qd2 0-1

[Event "III Festival A"]
[Site "Cesenatico ITA"]
[Date "1998.08.31"]
[Round "2"]
[White "Lagrotteria, Salvatore"]
[Black "Naumkin, Igor"]
[Result "0-1"]
[WhiteElo "2180"]
[BlackElo "2475"]
[PlyCount "54"]
[EventDate "1998.08.30"]

1.Nf3 e6 2.d4 f5 3.c4 Nf6 4.Nc3 Bb4 5.Qc2 O-O 6.a3 Bxc3+ 7.Qxc3 Ne4 8.Qc2 
d6 9.h4 h6 10.Bf4 Qe8 11.Nd2 Nf6 12.e3 e5 13.dxe5 dxe5 14.Bh2 Ng4 15.Be2 
f4 16.Bg1 fxe3 17.fxe3 Nc6 18.Bf3 Bf5 19.Be4 Bxe4 20.Qxe4 Qh5 21.Rh3 Rad8 
22.Rg3 Nf6 23.Qg6 Qxg6 24.Rxg6 Ne7 25.Rxf6 Rxf6 26.Ne4 Rg6 27.Kf2 Rf8+ 0-1

[Event "III Festival A"]
[Site "Cesenatico ITA"]
[Date "1998.08.31"]
[Round "2"]
[White "Rotstein, Arkadij"]
[Black "Gagliardi, Pietro"]
[Result "1-0"]
[WhiteElo "2515"]
[BlackElo "2205"]
[PlyCount "63"]
[EventDate "1998.08.30"]

1.d4 Nf6 2.Nf3 d5 3.c4 c6 4.e3 e6 5.Nbd2 Nbd7 6.Bd3 Bd6 7.O-O O-O 8.e4 
dxe4 9.Nxe4 Nxe4 10.Bxe4 Qc7 11.Re1 Nf6 12.Bc2 c5 13.Bg5 Ne8 14.Qd3 g6 15.
Rad1 f6 16.Bh6 Ng7 17.h4 Rf7 18.dxc5 Bxc5 19.h5 Nxh5 20.Qd8+ Qxd8 21.Rxd8+
Bf8 22.Nd4 Ng7 23.Bxg7 Kxg7 24.Nxe6+ Bxe6 25.Rxa8 Bxc4 26.Rxa7 Bc5 27.Ra8 
Rc7 28.Ree8 Bb5 29.Rec8 Rxc8 30.Rxc8 Bc6 31.Ba4 Bxa4 32.Rxc5 1-0

[Event "III Festival A"]
[Site "Cesenatico ITA"]
[Date "1998.08.31"]
[Round "2"]
[White "Vicari, Luigi"]
[Black "Maio, Matteo"]
[Result "1/2-1/2"]
[WhiteElo "2090"]
[BlackElo "1882"]
[PlyCount "129"]
[EventDate "1998.08.30"]

1.e4 c5 2.b3 Nc6 3.Bb2 e5 4.Ne2 Nf6 5.Ng3 d6 6.Bb5 Be6 7.d3 a6 8.Bxc6+ 
bxc6 9.Nd2 Qc7 10.O-O d5 11.Qe2 Nd7 12.Rae1 d4 13.Bc1 g6 14.Nc4 h5 15.h3 
Bxc4 16.dxc4 Bd6 17.h4 O-O-O 18.Qd3 f6 19.Ne2 Rdg8 20.Qh3 g5 21.Ng3 g4 22.
Qh2 Rg6 23.Nf5 Nf8 24.Kh1 Ne6 25.g3 Ng7 26.Qg2 Bf8 27.Bd2 Qd7 28.Nxg7 Bxg7
29.Rd1 f5 30.Rfe1 Rf8 31.Kg1 f4 32.Bc1 Bh6 33.Ba3 fxg3 34.fxg3 Rf3 35.Bc1 
Bxc1 36.Rxc1 d3 37.Rcd1 Qd4+ 38.Kh1 Rf2 39.Rxd3 Rxg2 40.Rxd4 Rxc2 41.Rdd1 
Rf6 42.Rf1 Rxf1+ 43.Rxf1 Rxa2 44.Rf5 Rb2 45.Rxe5 Rxb3 46.Kg2 Rb2+ 47.Kf1 
Rc2 48.Rxc5 Kc7 49.Rxh5 Rxc4 50.e5 Rc3 51.Rh7+ Kb6 52.Ke2 Rc5 53.Rg7 Rxe5+
54.Kd3 Rd5+ 55.Ke3 a5 56.Rxg4 c5 57.Rg5 Rd7 58.h5 a4 59.Rg4 Kb5 60.h6 a3 
61.Rh4 a2 62.Rh1 Kb4 63.g4 Kb3 64.g5 Rh7 65.Kd3 1/2-1/2

[Event "III Festival A"]
[Site "Cesenatico ITA"]
[Date "1998.08.31"]
[Round "2"]
[White "Yeuillaz, Corrado"]
[Black "Giovanardi, Rino"]
[Result "1-0"]
[WhiteElo "2235"]
[BlackElo "2010"]
[PlyCount "103"]
[EventDate "1998.08.30"]

1.e4 e5 2.Nf3 Nc6 3.Bb5 a6 4.Ba4 Nf6 5.O-O Nxe4 6.Re1 Nc5 7.Bxc6 dxc6 8.
Nxe5 Be7 9.d4 Ne6 10.Be3 O-O 11.c4 Bf6 12.f4 Re8 13.Nc3 Nf8 14.Qf3 Bxe5 
15.dxe5 Qd3 16.Qe2 Bf5 17.Rad1 Qxe2 18.Nxe2 Rad8 19.Nd4 Bc8 20.h3 c5 21.
Nf3 b6 22.Kf2 Bb7 23.a3 Ne6 24.b4 Bxf3 25.Kxf3 Nd4+ 26.Bxd4 Rxd4 27.Rxd4 
cxd4 28.c5 bxc5 29.bxc5 Rb8 30.Ke4 Rb3 31.Kxd4 Rxa3 32.Kd5 Kf8 33.Kc6 Ra5 
34.Rc1 Ke7 35.Kxc7 Rb5 36.c6 a5 37.Re1 a4 38.Re4 a3 39.Ra4 Rb3 40.f5 g6 
41.fxg6 hxg6 42.h4 Ke8 43.g4 Ke7 44.h5 gxh5 45.gxh5 f6 46.h6 Rh3 47.Kb6 
Rb3+ 48.Kc5 fxe5 49.h7 Rb8 50.Rxa3 Ke6 51.Rg3 Rh8 52.c7 1-0

[Event "III Festival A"]
[Site "Cesenatico ITA"]
[Date "1998.09.01"]
[Round "3"]
[White "Cesarini, Lanfranco"]
[Black "Gori, Andrea"]
[Result "1-0"]
[WhiteElo "1903"]
[BlackElo "2205"]
[PlyCount "98"]
[EventDate "1998.08.30"]

1.e4 e5 2.Nf3 Nc6 3.Bc4 Bc5 4.c3 Nf6 5.d3 d6 6.h3 h6 7.b4 Bb6 8.O-O a5 9.
b5 Ne7 10.a4 O-O 11.Nbd2 c5 12.Re1 Ng6 13.Nf1 Qc7 14.Qb3 Re8 15.Ng3 Be6 
16.Be3 Rad8 17.Bxe6 fxe6 18.Rad1 Kh8 19.Qc2 Nf4 20.Qd2 g5 21.c4 Qg7 22.Nh2
h5 23.Kh1 Qg6 24.Rg1 Rd7 25.f3 d5 26.cxd5 exd5 27.Qe1 d4 28.Bc1 Rh7 29.Nf5
g4 30.h4 Rd8 31.Bxf4 exf4 32.g3 Bc7 33.Nf1 Nd5 34.exd5 Qxf5 35.Qe6 Qxd5 
36.Qf6+ Rg7 37.Nd2 fxg3 38.Ne4 gxf3 39.Qh6+ Rh7 40.Qf6+ Rg7 41.Qh6+ Rh7 
42.Qf6+ Kg8 43.Nxg3 Rg7 44.Ne4 Rd7 45.Qxf3 Kh8 46.Qf8+ Kh7 47.Rxg7+ Rxg7 
48.Rg1 Bg3 49.Qf3 Qe6 1-0

[Event "III Festival A"]
[Site "Cesenatico ITA"]
[Date "1998.09.01"]
[Round "3"]
[White "Drazic, Sinisa"]
[Black "Gaiba, Paolo"]
[Result "1-0"]
[WhiteElo "2495"]
[BlackElo "2090"]
[PlyCount "45"]
[EventDate "1998.08.30"]

1.c4 e5 2.Nc3 f5 3.d4 e4 4.Nh3 Nf6 5.g3 c6 6.Bg2 d5 7.cxd5 Nxd5 8.O-O Be6 
9.f3 Bb4 10.Nxd5 cxd5 11.Qb3 Qb6 12.Be3 Nc6 13.Nf4 Ne5 14.Qa4+ Bd7 15.Qd1 
Qd6 16.a3 Nc4 17.Bc1 Ba5 18.b3 Bc3 19.bxc4 Bxa1 20.Nxd5 O-O 21.Bf4 Bxd4+ 
22.Qxd4 Qxa3 23.Ra1 1-0

[Event "III Festival A"]
[Site "Cesenatico ITA"]
[Date "1998.09.01"]
[Round "3"]
[White "Gagliardi, Pietro"]
[Black "Yeuillaz, Corrado"]
[Result "1/2-1/2"]
[WhiteElo "2205"]
[BlackElo "2235"]
[PlyCount "51"]
[EventDate "1998.08.30"]

1.e4 e6 2.d4 d5 3.Nd2 Nf6 4.e5 Nfd7 5.Bd3 c5 6.c3 Nc6 7.Ne2 Qb6 8.Nf3 cxd4
9.cxd4 f6 10.exf6 Nxf6 11.O-O Bd6 12.Nc3 O-O 13.Be3 a6 14.a3 Qc7 15.Bg5 
Qf7 16.Bh4 Qh5 17.Ne2 Ne4 18.Bg3 Nxg3 19.fxg3 Bd7 20.Qd2 Bc7 21.b4 Bb6 22.
Kh1 Bc7 23.Rad1 Bd6 24.Bb1 Qh6 25.Qxh6 gxh6 26.Bd3 1/2-1/2

[Event "III Festival A"]
[Site "Cesenatico ITA"]
[Date "1998.09.01"]
[Round "3"]
[White "Kluss, Kai"]
[Black "Vicari, Luigi"]
[Result "1-0"]
[WhiteElo "2170"]
[BlackElo "2090"]
[PlyCount "79"]
[EventDate "1998.08.30"]

1.d4 Nf6 2.c4 g6 3.Nc3 Bg7 4.e4 d6 5.f4 O-O 6.Nf3 c5 7.d5 e6 8.Be2 exd5 9.
cxd5 Re8 10.e5 dxe5 11.fxe5 Nfd7 12.Bg5 Qa5 13.e6 fxe6 14.dxe6 Ne5 15.O-O 
Bxe6 16.Qd2 Nbc6 17.Bh6 Rad8 18.Qc1 Nd4 19.Bxg7 Nexf3+ 20.Bxf3 Nxf3+ 21.
Rxf3 Kxg7 22.Qg5 Qb4 23.Raf1 Qd4+ 24.Kh1 a6 25.h3 h6 26.Qg3 Qd6 27.Qh4 Qe7
28.Rf6 Rd4 29.Qg3 g5 30.Qe5 Kh7 31.Re1 Qd6 32.Rxe6 Rxe6 33.Qxe6 Qxe6 34.
Rxe6 Rd7 35.Kg1 Kg7 36.Kf2 h5 37.Re5 Kf6 38.Re3 b5 39.Ne4+ Kf5 40.Nxc5 1-0

[Event "III Festival A"]
[Site "Cesenatico ITA"]
[Date "1998.09.01"]
[Round "3"]
[White "Lava, Giovanni"]
[Black "Rotstein, Arkadij"]
[Result "0-1"]
[WhiteElo "2220"]
[BlackElo "2515"]
[PlyCount "134"]
[EventDate "1998.08.30"]

1.d4 f5 2.Qd3 e6 3.e4 fxe4 4.Qxe4 Nf6 5.Qh4 Be7 6.Bd3 O-O 7.Nf3 Nc6 8.Nc3 
Nb4 9.O-O Nxd3 10.cxd3 b6 11.Qg3 Bb7 12.Ne5 Qe8 13.Re1 c5 14.dxc5 Bxc5 15.
Be3 Bxe3 16.fxe3 Rc8 17.Nc4 Rc5 18.Nd6 Qb8 19.Nxb7 Qxb7 20.Rf1 h6 21.Rf2 
Rg5 22.Qd6 Rf7 23.e4 Ne8 24.Qd4 Rxf2 25.Qxf2 Nf6 26.h3 Qc7 27.Rf1 Kh7 28.
Qe3 b5 29.a3 a5 30.Rf2 b4 31.axb4 axb4 32.Ne2 Ra5 33.Ng3 Ra1+ 34.Rf1 Rxf1+
35.Nxf1 Qc2 36.Qd2 b3 37.Kf2 d5 38.exd5 Nxd5 39.g3 Nb4 40.Ke3 Qc5+ 41.d4 
Nc2+ 42.Kf2 Nxd4 43.Qd3+ Kg8 44.Nd2 Kf7 45.Qc3 Qf5+ 46.Kg2 Qd5+ 47.Kf2 h5 
48.Qc4 Qf5+ 49.Kg2 Qe5 50.h4 Nf5 51.Qd3 Qxb2 52.Kf3 Qd4 53.Qxd4 Nxd4+ 54.
Ke4 Ne2 55.Nxb3 Nxg3+ 56.Kf4 Nf5 57.Kg5 g6 58.Nc5 Nd4 59.Kf4 Kf6 60.Nd7+ 
Kg7 61.Ne5 Nf5 62.Kg5 Ne7 63.Nd7 Nc6 64.Kf4 Kh6 65.Nc5 Nd4 66.Kg3 Nf5+ 67.
Kh3 e5 0-1

[Event "III Festival A"]
[Site "Cesenatico ITA"]
[Date "1998.09.01"]
[Round "3"]
[White "Lazzarato, Alberto"]
[Black "Lagrotteria, Salvatore"]
[Result "1/2-1/2"]
[WhiteElo "2048"]
[BlackElo "2180"]
[PlyCount "71"]
[EventDate "1998.08.30"]

1.e4 c5 2.Nf3 Nc6 3.d4 cxd4 4.Nxd4 Nf6 5.Nc3 d6 6.h3 a6 7.Be3 e6 8.Bd3 Be7
9.O-O Bd7 10.Qe2 Qc7 11.f4 Nxd4 12.Bxd4 e5 13.Be3 Bc6 14.fxe5 dxe5 15.Qf2 
O-O 16.Bb6 Qd6 17.a3 Nd7 18.Be3 b5 19.Rad1 Qf6 20.Nd5 Qxf2+ 21.Bxf2 Bxd5 
22.exd5 g6 23.d6 Bd8 24.Be4 Rc8 25.c3 Nc5 26.Bd5 Kg7 27.Rfe1 f6 28.d7 Rc7 
29.Bxc5 Rxc5 30.Bb7 a5 31.Rd5 Rxd5 32.Bxd5 Be7 33.Rd1 b4 34.cxb4 axb4 35.
a4 Rb8 36.b3 1/2-1/2

[Event "III Festival A"]
[Site "Cesenatico ITA"]
[Date "1998.09.01"]
[Round "3"]
[White "Maio, Matteo"]
[Black "Cadelli, Luciano"]
[Result "1/2-1/2"]
[WhiteElo "1882"]
[BlackElo "2125"]
[PlyCount "52"]
[EventDate "1998.08.30"]

1.d4 d5 2.Nf3 Nf6 3.e3 Bg4 4.c4 e6 5.Qb3 Qc8 6.Ne5 c6 7.Nxg4 Nxg4 8.Nc3 
Be7 9.Bd3 Nd7 10.cxd5 exd5 11.O-O Qc7 12.f4 Ngf6 13.e4 dxe4 14.Nxe4 Nxe4 
15.Bxe4 Nf6 16.Bf3 O-O 17.g3 Rad8 18.Be3 Nd5 19.Bf2 Bf6 20.a4 Qb6 21.Qc4 
a5 22.Ra3 Qxb2 23.Rb3 Qa2 24.Rc1 Rd7 25.Rc2 Qa1+ 26.Rc1 Qa2 1/2-1/2

[Event "III Festival A"]
[Site "Cesenatico ITA"]
[Date "1998.09.01"]
[Round "3"]
[White "Mastroddi, Fabio"]
[Black "Delanoy, Arnaud"]
[Result "1-0"]
[WhiteElo "1915"]
[BlackElo "2105"]
[PlyCount "53"]
[EventDate "1998.08.30"]

1.d4 d5 2.Nc3 Nf6 3.e4 dxe4 4.f3 e3 5.Bxe3 e6 6.Qd2 Nbd7 7.a3 Nb6 8.O-O-O 
Bd7 9.Ne4 Bc6 10.Bd3 Nfd5 11.Bg5 Be7 12.c4 Bxg5 13.Nxg5 Nf6 14.Re1 Qxd4 
15.Nxe6 fxe6 16.Bg6+ hxg6 17.Qxd4 Kf7 18.Nh3 Rhd8 19.Qe3 Re8 20.Ng5+ Kg8 
21.Qd3 Rad8 22.Qxg6 Nxc4 23.Nxe6 Rd7 24.Nxg7 Rxg7 25.Qxf6 Rxg2 26.Rxe8+ 
Bxe8 27.Qd8 1-0

[Event "III Festival A"]
[Site "Cesenatico ITA"]
[Date "1998.09.01"]
[Round "3"]
[White "Naumkin, Igor"]
[Black "Collutiis, Duilio"]
[Result "1-0"]
[WhiteElo "2475"]
[BlackElo "2185"]
[PlyCount "85"]
[EventDate "1998.08.30"]

1.d4 c5 2.d5 e5 3.e4 d6 4.Be2 Nf6 5.Nc3 Be7 6.Nf3 O-O 7.O-O Ne8 8.a3 Bg4 
9.b4 Nd7 10.Rb1 Bxf3 11.Bxf3 Bg5 12.Bb2 g6 13.g3 cxb4 14.axb4 Nb6 15.Qd3 
a6 16.Bg4 Nf6 17.Bh3 Nh5 18.Ne2 Qc7 19.f4 Bf6 20.g4 Ng7 21.g5 Be7 22.fxe5 
dxe5 23.Kh1 Nc4 24.Bc1 b5 25.Rb3 Ne8 26.Qg3 a5 27.bxa5 Rxa5 28.Bg4 Ned6 
29.Qh4 h5 30.Bxh5 Kg7 31.Bxg6 Rh8 32.Bh5 Ra2 33.Rbf3 Bd8 34.Ng3 Rxc2 35.
Qg4 b4 36.h4 b3 37.Rxb3 Na5 38.Ba3 Qc8 39.Qxc8 Rxc8 40.Rbf3 Nac4 41.Rxf7+ 
Nxf7 42.Rxf7+ Kg8 43.Rf8+ 1-0

[Event "III Festival A"]
[Site "Cesenatico ITA"]
[Date "1998.09.01"]
[Round "3"]
[White "Ortega, Lexy"]
[Black "Trumpf, Walter"]
[Result "1-0"]
[WhiteElo "2490"]
[BlackElo "2150"]
[PlyCount "71"]
[EventDate "1998.08.30"]

1.d4 d5 2.Nf3 Nf6 3.c4 c6 4.e3 Bf5 5.Nc3 e6 6.Qb3 Qb6 7.c5 Qc7 8.Qa4 Nbd7 
9.b4 Be7 10.b5 O-O 11.Bb2 Ne4 12.Be2 e5 13.O-O Nxc3 14.Bxc3 e4 15.Nd2 Bg5 
16.bxc6 bxc6 17.Rfb1 Nf6 18.Ba5 Qd7 19.Rb3 Bg4 20.Ba6 Rab8 21.Rab1 Rxb3 
22.Qxb3 Bf3 23.Bf1 Qg4 24.h3 Qh5 25.gxf3 Bh4 26.Bg2 exf3 27.Nxf3 Ne4 28.
Nxh4 Qxh4 29.Be1 Qh5 30.Qd1 Qh6 31.Rb7 f5 32.Qb3 f4 33.Rb8 f3 34.Rxf8+ 
Kxf8 35.Qb8+ Ke7 36.Qc7+ 1-0

[Event "III Festival A"]
[Site "Cesenatico ITA"]
[Date "1998.09.02"]
[Round "4"]
[White "Bonacci, Mauro"]
[Black "Kluss, Kai"]
[Result "0-1"]
[WhiteElo "2215"]
[BlackElo "2170"]
[PlyCount "66"]
[EventDate "1998.08.30"]

1.e4 c5 2.Nf3 Nc6 3.d4 cxd4 4.Nxd4 Nf6 5.Nc3 d6 6.Be2 e5 7.Nb3 Be7 8.O-O 
O-O 9.f4 a5 10.a4 Nb4 11.Kh1 Be6 12.f5 Bd7 13.Nd5 Nbxd5 14.exd5 Qc8 15.g4 
Nxd5 16.g5 Bc6 17.Kg1 Bd8 18.h4 Bb6+ 19.Kh2 Ne3 20.Bxe3 Bxe3 21.Bg4 Be4 
22.c3 Bf4+ 23.Rxf4 exf4 24.Nd4 Qc5 25.Qd2 Qe5 26.Re1 Rae8 27.Nf3 Qd5 28.
Nd4 Qe5 29.Nf3 Qc5 30.Nd4 Bc6 31.g6 Rxe1 32.Qxe1 Qe5 33.Qf1 Qe3 0-1

[Event "III Festival A"]
[Site "Cesenatico ITA"]
[Date "1998.09.02"]
[Round "4"]
[White "Cadelli, Luciano"]
[Black "Gaiba, Paolo"]
[Result "0-1"]
[WhiteElo "2125"]
[BlackElo "2090"]
[PlyCount "60"]
[EventDate "1998.08.30"]

1.d4 d5 2.c4 c6 3.Nc3 Nf6 4.Nf3 a6 5.cxd5 cxd5 6.Bg5 Ne4 7.Bd2 Nc6 8.e3 
Bg4 9.Be2 Nf6 10.O-O e6 11.Rc1 Bd6 12.h3 Bh5 13.Ne5 Nxe5 14.Bxh5 Nc4 15.
Rc2 Nxh5 16.Qxh5 Rc8 17.Bc1 O-O 18.e4 dxe4 19.Nxe4 Bb8 20.Ng5 h6 21.Nf3 
Qf6 22.Rc3 Nd6 23.Rd3 Nf5 24.Qg4 Rfd8 25.Rfd1 Rd5 26.Bd2 Rc2 27.Bc3 Ne7 
28.Ne5 Qxf2+ 29.Kh1 Bxe5 30.Be1 Qf1# 0-1

[Event "III Festival A"]
[Site "Cesenatico ITA"]
[Date "1998.09.02"]
[Round "4"]
[White "Cesarini, Lanfranco"]
[Black "Gagliardi, Pietro"]
[Result "0-1"]
[WhiteElo "1903"]
[BlackElo "2205"]
[PlyCount "108"]
[EventDate "1998.08.30"]

1.e4 c6 2.d4 d5 3.e5 Bf5 4.Nf3 Bg4 5.Nbd2 e6 6.h3 Bxf3 7.Nxf3 c5 8.c3 Qb6 
9.a4 a5 10.Bb5+ Nc6 11.O-O g6 12.Be3 cxd4 13.Qxd4 Qxd4 14.Bxd4 Ne7 15.b4 
Bg7 16.Bc5 axb4 17.cxb4 f6 18.exf6 Bxf6 19.Bd4 Kf7 20.Bxf6 Kxf6 21.Rfb1 e5
22.a5 e4 23.Nd2 Nd4 24.Bf1 Rhc8 25.Nb3 Nxb3 26.Rxb3 Ke5 27.b5 d4 28.b6 Rc3
29.Rbb1 d3 30.a6 bxa6 31.b7 Rb8 32.Rxa6 Nc6 33.Ra8 Kd6 34.Rxb8 Nxb8 35.Rd1
Ke5 36.f3 Rb3 37.fxe4 Kxe4 38.Kf2 Kd4 39.g4 Nd7 40.Rd2 Nc5 41.Bxd3 Nxd3+ 
42.Ke2 Ke4 43.Rxd3 Rb2+ 44.Rd2 Rxb7 45.Kf2 Kf4 46.Rd4+ Kg5 47.Kg3 Rb3+ 48.
Kg2 Kh4 49.Rd7 Rg3+ 50.Kh2 Rxh3+ 51.Kg2 h6 52.g5 Rg3+ 53.Kh2 Rxg5 54.Rd4+ 
Rg4 0-1

[Event "III Festival A"]
[Site "Cesenatico ITA"]
[Date "1998.09.02"]
[Round "4"]
[White "Collutiis, Duilio"]
[Black "Lazzarato, Alberto"]
[Result "0-1"]
[WhiteElo "2185"]
[BlackElo "2048"]
[PlyCount "82"]
[EventDate "1998.08.30"]

1.Nf3 g6 2.e4 d6 3.d4 Nf6 4.Nc3 Bg7 5.h3 O-O 6.Be3 c6 7.a4 Na6 8.Qd2 Qa5 
9.Rd1 Nb4 10.e5 Nfd5 11.Rc1 Nxe3 12.Qxe3 Bf5 13.Bd3 Na2 14.Bxf5 Nxc1 15.
O-O gxf5 16.Rxc1 dxe5 17.dxe5 Qb6 18.Qd3 e6 19.b3 Qb4 20.Re1 Rfd8 21.Qe3 
f4 22.Na2 fxe3 23.Nxb4 exf2+ 24.Kxf2 Bf8 25.Nd3 Be7 26.Re2 b5 27.a5 c5 28.
Nd2 Rd4 29.Nf3 Rd7 30.Re4 Rc8 31.Nb2 Bd8 32.Rg4+ Kh8 33.Nd3 Bxa5 34.Nf4 
Rg8 35.Rh4 Bd8 36.Rh5 a5 37.Nd3 a4 38.bxa4 bxa4 39.Nxc5 Bb6 40.Ng5 Bxc5+ 
41.Kf3 Rg7 0-1

[Event "III Festival A"]
[Site "Cesenatico ITA"]
[Date "1998.09.02"]
[Round "4"]
[White "Drei, Andrea"]
[Black "Maio, Matteo"]
[Result "1/2-1/2"]
[WhiteElo "2340"]
[BlackElo "1882"]
[PlyCount "100"]
[EventDate "1998.08.30"]

1.e4 c5 2.Nf3 d6 3.d4 cxd4 4.Nxd4 Nf6 5.Nc3 a6 6.Be3 Ng4 7.Bg5 h6 8.Bh4 g5
9.Bg3 Bg7 10.Qd2 Nc6 11.Nf5 Bxf5 12.exf5 Qa5 13.Nd5 Qxd2+ 14.Kxd2 O-O-O 
15.Rb1 Bd4 16.Ne3 Nf6 17.Bd3 d5 18.c3 Be5 19.Bxe5 Nxe5 20.Nc2 Nfg4 21.Rbf1
Nc4+ 22.Bxc4 dxc4+ 23.Nd4 Rd5 24.f3 Ne5 25.Kc2 Rhd8 26.Rf2 Kc7 27.Re2 R8d7
28.h4 Nc6 29.Nxc6 Kxc6 30.hxg5 hxg5 31.g4 Rd3 32.Rh8 b5 33.Rc8+ Kb6 34.
Rb8+ Kc6 35.Rc8+ Kb6 36.Rf8 f6 37.Rb8+ Kc6 38.Rc8+ Kb6 39.Re8 Rxf3 40.
R2xe7 Rxe7 41.Rxe7 Rd3 42.b3 Kc6 43.bxc4 bxc4 44.Re8 Rg3 45.Rc8+ Kb5 46.
a4+ Kxa4 47.Rxc4+ Kb5 48.Kb3 Rg1 49.Rb4+ Kc5 50.Rb8 Rb1+ 1/2-1/2

[Event "III Festival A"]
[Site "Cesenatico ITA"]
[Date "1998.09.02"]
[Round "4"]
[White "Gori, Andrea"]
[Black "Vicari, Luigi"]
[Result "0-1"]
[WhiteElo "2205"]
[BlackElo "2090"]
[PlyCount "139"]
[EventDate "1998.08.30"]

1.e4 e5 2.Nf3 d6 3.d4 exd4 4.Nxd4 Nf6 5.Nc3 Be7 6.Be2 O-O 7.O-O Bd7 8.a4 
Nc6 9.Nf5 Re8 10.Bg5 Bxf5 11.exf5 Qd7 12.g4 h6 13.Bf4 Rad8 14.Qd2 Ne5 15.
f3 Bf8 16.Bg3 c6 17.Bh4 d5 18.Bxf6 gxf6 19.Qf4 Qd6 20.Rad1 Nc4 21.Qxd6 
Nxd6 22.Rd2 Re7 23.Rfd1 Rde8 24.Kf2 Kh7 25.Bd3 h5 26.h3 Bh6 27.Re2 Be3+ 
28.Kg3 d4 29.Ne4 Nxe4+ 30.Bxe4 Kh6 31.b3 Kg5 32.h4+ Kh6 33.g5+ fxg5 34.
hxg5+ Kxg5 35.Rh1 Rh8 36.Kh3 Kf6 37.Rg2 Ree8 38.Rhh2 Reg8 39.Kh4 Bg5+ 40.
Kh3 Bf4 41.Rh1 Be3 42.Rhh2 Bf4 43.Rh1 Rxg2 44.Kxg2 h4 45.Kh3 Ke5 46.Rg1 
Bg3 47.Rd1 Rh6 48.Kg4 Rh8 49.Kh3 f6 50.Rd3 Rh7 51.Rd1 c5 52.Rd3 b6 53.Kg4 
Rg7+ 54.Kh3 Kf4 55.Rd2 Re7 56.Rd3 a6 57.Kg2 b5 58.axb5 axb5 59.b4 h3+ 60.
Kxh3 Rh7+ 61.Kg2 Rh2+ 62.Kf1 Rf2+ 63.Kg1 Rxc2 64.bxc5 Rxc5 65.Rxd4 Re5 66.
Kg2 Be1 67.Rd6 Bc3 68.Re6 Rc5 69.Kf2 Bd2 70.Bc2 0-1